| Tag |
First Indicator |
Second Indicator |
Subfields |
| LEADER |
00000pam a2200000 a 4500 |
| 001 |
in00000079629 |
| 005 |
20151008053940.0 |
| 008 |
810716s1981 nyua b 00000 eng |
| 010 |
|
|
|a 81009885
|
| 020 |
|
|
|a 0824715292
|
| 035 |
|
|
|a (OCoLC)07652678
|
| 035 |
|
|
|9 AAH9156AM
|
| 039 |
0 |
|
|a 2
|b 3
|c 3
|d 3
|e 3
|
| 040 |
|
|
|a DLC
|c DLC
|d TXA
|d UtOrBLW
|
| 049 |
|
|
|a TXAM
|c [800435]
|
| 050 |
0 |
0 |
|a QA807.5
|b .C56
|
| 082 |
0 |
|
|a 531/.01/51
|2 19
|
| 245 |
0 |
0 |
|a Classical mechanics and dynamical systems /
|c edited by Robert L. Devaney, Zbigniew H. Nitecki.
|
| 264 |
|
1 |
|a New York :
|b Dekker,
|c [1981]
|
| 264 |
|
4 |
|c ©1981
|
| 300 |
|
|
|a x, 237 pages :
|b illustrations ;
|c 26 cm.
|
| 336 |
|
|
|a text
|b txt
|2 rdacontent
|
| 337 |
|
|
|a unmediated
|b n
|2 rdamedia
|
| 338 |
|
|
|a volume
|b nc
|2 rdacarrier
|
| 490 |
1 |
|
|a Lecture notes in pure and applied mathematics ;
|v v. 70
|
| 500 |
|
|
|a Papers from a conference held at Tufts University in August 1979, sponsored by the National Science Foundation and the Conference Board of the Mathematical Sciences.
|
| 504 |
|
|
|a Includes bibliographies.
|
| 650 |
|
0 |
|a Mechanics.
|
| 650 |
|
0 |
|a Differentiable dynamical systems.
|
| 700 |
1 |
|
|a Devaney, Robert L.,
|d 1948-
|
| 700 |
1 |
|
|a Nitecki, Zbigniew.
|
| 710 |
2 |
|
|a National Science Foundation (U.S.)
|
| 710 |
2 |
|
|a Conference Board of the Mathematical Sciences.
|
| 830 |
|
0 |
|a Lecture notes in pure and applied mathematics ;
|v v. 70.
|
| 999 |
|
|
|a MARS
|
| 999 |
f |
f |
|s 791a6170-16b3-3b59-9462-3a7c391e0510
|i dd4eb969-19d8-3eb3-a7c8-4233398e5fee
|t 0
|
| 952 |
f |
f |
|p normal
|a Texas A&M University
|b College Station
|c Sterling C. Evans Library
|d Evans: Library Stacks
|t 0
|e QA807.5 .C56
|h Library of Congress classification
|i unmediated -- volume
|m A14806206091
|
| 998 |
f |
f |
|a QA807.5 .C56
|t 0
|l Evans: Library Stacks
|